000 00590nam a22001937a 4500
003 OSt
005 20240830173658.0
008 240805s2022 ag ||||| |||| 00| p spa d
020 _a9789873969553
040 _cbesoc
100 1 _aCampero, María Belén,
_eautor
245 1 0 _aTodas las semillas /
_cMaría Belén Campero ; Pablo Luebert, ilustrador
260 _aBuenos Aires :
_bOjoreja,
_c2022
300 _a16 p.
490 0 _aTikitaka
650 4 _aLiteratura Argentina
_vPoesía
_ySiglo XXI
_xColección infantil y juvenil
700 1 _aLuebert, Pablo
_eilustrador
942 _2udc
_cOG
_n0
999 _c293
_d293